[Event "Continental Class Ch."]
[Site "Arlington, VA"]
[Date "2011.10.08"]
[Round "5"]
[White "Defibaugh, Jared"]
[Black "Velikanov, Alexander"]
[Result "1-0"]
[WhiteElo "2178"]
[BlackElo "2118"]
[PlyCount "59"]
[EventDate "2011.10.??"]
[EventType "swiss"]
[EventRounds "9"]
[EventCountry "USA"]

1. d4 Nf6 2. c4 g6 3. f3 d5 4. cxd5 Nxd5 5. e4 Nb6 6. Nc3 Bg7 7. Be3 O-O 8. Qd2
e5 9. d5 c6 10. h4 cxd5 11. exd5 h5 12. O-O-O Bf5 13. g4 hxg4 14. h5 Na6 15.
fxg4 Bxg4 16. hxg6 Bxd1 17. Qxd1 fxg6 18. Bh3 Rf4 19. Be6+ Kf8 20. Bxf4 exf4
21. Nh3 Qf6 22. Qg4 Nc4 23. Ng5 Ke7 24. Nge4 Qd4 25. Qg5+ Ke8 26. Qxg6+ Kd8 27.
Qg5+ Ke8 28. Rh8+ Bf8 29. Rxf8+ Kxf8 30. Qg8+ 1-0

[Event "Continental Class Ch."]
[Site "Arlington, VA"]
[Date "2011.10.08"]
[Round "5"]
[White "Tegshsuren, Enkhbat"]
[Black "Yang, Darwin"]
[Result "1/2-1/2"]
[WhiteElo "2370"]
[BlackElo "2439"]
[PlyCount "49"]
[EventDate "2011.10.??"]
[EventType "swiss"]
[EventRounds "9"]
[EventCountry "USA"]

1. d4 d5 2. c4 e6 3. Nf3 Nf6 4. g3 dxc4 5. Bg2 c5 6. O-O Nc6 7. Qa4 Bd7 8. Qxc4
cxd4 9. Nxd4 Rc8 10. Nc3 Nxd4 11. Qxd4 Bc5 12. Qh4 O-O 13. Bxb7 Rb8 14. Bf3 Rb4
15. Qg5 Bd4 16. Qd2 Qc7 17. Qd3 Be5 18. Rd1 Rfb8 19. Bg5 Rd4 20. Qe3 Rc4 21.
Qd2 Rd4 22. Qc1 Rc4 23. Qd2 Rd4 24. Qc1 Rc4 25. Qd2 1/2-1/2

[Event "Continental Class Ch."]
[Site "Arlington, VA"]
[Date "2011.10.08"]
[Round "5"]
[White "Mo, Kevin"]
[Black "Santarius, Erik"]
[Result "0-1"]
[WhiteElo "2104"]
[BlackElo "2316"]
[PlyCount "74"]
[EventDate "2011.10.??"]
[EventType "swiss"]
[EventRounds "9"]
[EventCountry "USA"]

1. e4 c5 2. Nf3 d6 3. d4 cxd4 4. Nxd4 Nf6 5. Nc3 Nc6 6. Bg5 e6 7. Qd2 a6 8.
O-O-O h6 9. Bf4 Bd7 10. Nxc6 Bxc6 11. f3 d5 12. Qe1 Bb4 13. a3 Bxc3 14. Qxc3
O-O 15. g4 Rc8 16. Qe1 Qe7 17. e5 Nd7 18. h4 f6 19. Bg2 Ba4 20. Rd2 Rc4 21. Bg3
Rfc8 22. Kb1 Bxc2+ 23. Ka2 f5 24. Bh3 b5 25. gxf5 b4 26. f6 Qe8 27. Rxc2 b3+
28. Kxb3 Rb8+ 29. Ka2 Rxc2 30. Qb1 Rbxb2+ 31. Qxb2 Rxb2+ 32. Kxb2 Nc5 33. Ka2
Qa4 34. Rb1 Qc4+ 35. Ka1 Qc3+ 36. Ka2 Qxf3 37. Rb8+ Kh7 0-1

[Event "Continental Class Ch."]
[Site "Arlington, VA"]
[Date "2011.10.08"]
[Round "5"]
[White "Ramirez Alvarez, Alejandro"]
[Black "Shahade, Greg"]
[Result "1-0"]
[WhiteElo "2594"]
[BlackElo "2446"]
[PlyCount "117"]
[EventDate "2011.10.??"]
[EventType "swiss"]
[EventRounds "9"]
[EventCountry "USA"]

1. d4 Nf6 2. c4 e6 3. g3 Bb4+ 4. Bd2 Qe7 5. Nf3 Nc6 6. Nc3 Bxc3 7. Bxc3 Ne4 8.
Rc1 O-O 9. Bg2 d6 10. d5 Nxc3 11. Rxc3 Nb8 12. dxe6 fxe6 13. Nd4 c6 14. O-O Nd7
15. e4 Nf6 16. e5 dxe5 17. Nf3 e4 18. Ng5 e5 19. Nxe4 Bf5 20. Nd6 Bg4 21. Qd2
Rad8 22. Rd3 Rd7 23. Re1 Rfd8 24. c5 Ne8 25. Qb4 Qe6 26. Rde3 Nxd6 27. cxd6
Rxd6 28. Rxe5 Qc8 29. Re7 R6d7 30. Qc4+ Kh8 31. Qf7 Rg8 32. Bf1 b5 33. f3 Rxe7
34. Rxe7 Bf5 35. Re5 Bb1 36. Qxa7 Qf8 37. Re1 Qf5 38. a3 Ba2 39. Qf2 Bd5 40. f4
h6 41. Qd2 Rb8 42. Bd3 Qf6 43. Re5 Rd8 44. Qe3 Bg8 45. Be2 Bd5 46. b3 Qd6 47.
b4 Qf6 48. Kf2 Bf7 49. Re7 Ra8 50. Qe5 Qxe5 51. fxe5 Bg6 52. Rc7 Be4 53. Ke3
Bd5 54. Kd4 Rxa3 55. Bxb5 Rb3 56. Rc8+ Kh7 57. Bd3+ g6 58. b5 cxb5 59. Bc2 1-0

[Event "Continental Class Ch."]
[Site "Arlington, VA"]
[Date "2011.10.08"]
[Round "5"]
[White "Romanenko, Vladimir"]
[Black "Mabe, Chris"]
[Result "1-0"]
[WhiteElo "2471"]
[BlackElo "2216"]
[PlyCount "117"]
[EventDate "2011.10.??"]
[EventType "swiss"]
[EventRounds "9"]
[EventCountry "USA"]

1. e4 c5 2. Nf3 d6 3. d4 cxd4 4. Nxd4 Nf6 5. Nc3 g6 6. Be3 Bg7 7. Bc4 O-O 8. h3
Nc6 9. O-O Bd7 10. Bb3 Rc8 11. f4 a6 12. Qd3 Qa5 13. Rae1 Rfd8 14. Nxc6 bxc6
15. f5 d5 16. e5 Ne8 17. e6 fxe6 18. fxg6 Nf6 19. gxh7+ Kh8 20. Nb1 e5 21. Qg6
Be8 22. Qg3 Qb4 23. c3 Qd6 24. Nd2 Nxh7 25. Nf3 e4 26. Bf4 Qg6 27. Ng5 e5 28.
Be3 Kg8 29. h4 Bd7 30. Bd1 Nf6 31. Qxe5 Ng4 32. Qg3 Nxe3 33. Qxe3 Bh6 34. Qg3
Rf8 35. Nxe4 Rxf1+ 36. Rxf1 Qxg3 37. Nxg3 Rb8 38. Bb3 Re8 39. Nh5 Re7 40. Nf6+
Kg7 41. Nxd7 Rxd7 42. g4 Bd2 43. Kg2 Re7 44. Rf2 Be1 45. Rf4 Bxh4 46. Ra4 Ra7
47. Ra5 Be7 48. Kf3 Bd6 49. g5 Be7 50. Kg4 Bf8 51. Bd1 c5 52. Be2 d4 53. cxd4
cxd4 54. Rxa6 Re7 55. Bd3 Re3 56. Rg6+ Kf7 57. Rf6+ Ke7 58. Rf3 Re5 59. Bg6 1-0

[Event "Continental Class Ch."]
[Site "Arlington, VA"]
[Date "2011.10.08"]
[Round "5"]
[White "Shabalov, Alexander"]
[Black "Coleman, Teddy"]
[Result "1-0"]
[WhiteElo "2529"]
[BlackElo "2314"]
[PlyCount "49"]
[EventDate "2011.10.??"]
[EventType "swiss"]
[EventRounds "9"]
[EventCountry "USA"]

1. d4 d5 2. c4 c6 3. Nc3 Nf6 4. e3 e6 5. Bd2 Nbd7 6. Rc1 Bd6 7. c5 Bc7 8. f4 h6
9. Nf3 g5 10. Bd3 Nh5 11. Ne5 Ndf6 12. O-O gxf4 13. exf4 Ng7 14. Qf3 Nf5 15.
Ne2 h5 16. Be1 Qe7 17. b4 Bd7 18. a4 O-O-O 19. b5 Rdg8 20. a5 Ng4 21. Bxf5 exf5
22. a6 cxb5 23. axb7+ Kb8 24. Ra1 Rh6 25. Qa3 1-0

[Event "Continental Class Ch."]
[Site "Arlington, VA"]
[Date "2011.10.08"]
[Round "5"]
[White "Strenzwilk, Denis"]
[Black "Mercere, Eduardo"]
[Result "1/2-1/2"]
[WhiteElo "2024"]
[BlackElo "1839"]
[PlyCount "49"]
[EventDate "2011.10.??"]
[EventType "swiss"]
[EventRounds "9"]
[EventCountry "USA"]

1. e4 e6 2. d4 d5 3. Nc3 dxe4 4. Nxe4 Bd7 5. Nf3 Bc6 6. Bd3 Nd7 7. O-O Ngf6 8.
Bg5 Be7 9. Bxf6 Bxf6 10. Qe2 O-O 11. Rad1 Qe7 12. c4 Rfe8 13. Rfe1 Nf8 14. Bc2
Bxe4 15. Qxe4 c6 16. Ne5 Bxe5 17. dxe5 Red8 18. g3 Rxd1 19. Rxd1 Rd8 20. Rd4 g6
21. Kg2 Kg7 22. Qf4 Rd7 23. Qd2 Rxd4 24. Qxd4 Nd7 25. f4 1/2-1/2

[Event "Continental Class Ch."]
[Site "Arlington, VA"]
[Date "2011.10.08"]
[Round "5"]
[White "Yanayt, Eugene"]
[Black "Rozman, Levy"]
[Result "1-0"]
[WhiteElo "2214"]
[BlackElo "2037"]
[PlyCount "87"]
[EventDate "2011.10.??"]
[EventType "swiss"]
[EventRounds "9"]
[EventCountry "USA"]

1. d4 d5 2. c4 c6 3. Nf3 Nf6 4. Qc2 dxc4 5. Qxc4 Bf5 6. g3 e6 7. Bg2 Be7 8. O-O
Nbd7 9. e3 O-O 10. Qe2 Qc7 11. Nc3 Ne4 12. Ne1 Ndf6 13. Nd3 c5 14. Nb5 Qb6 15.
Nxc5 Nxc5 16. dxc5 Bxc5 17. Nc3 Be7 18. h3 Rfd8 19. e4 Bg6 20. Be3 Qb4 21. a3
Qa5 22. b4 Qh5 23. Qxh5 Bxh5 24. g4 Bg6 25. e5 Nd7 26. Bxb7 Rab8 27. Bg2 a6 28.
f4 f6 29. f5 Bf7 30. fxe6 Bxe6 31. Nd5 Bf8 32. exf6 gxf6 33. Bd4 Bxd5 34. Bxd5+
Kg7 35. g5 Rb5 36. gxf6+ Kg6 37. Be4+ Kf7 38. Ra2 Ne5 39. Ba1 a5 40. Rg2 Rd6
41. Bxh7 Rxf6 42. Bg8+ Ke7 43. Rxf6 Kxf6 44. Bc4 1-0

[Event "Continental Class Ch."]
[Site "Arlington, VA"]
[Date "2011.10.09"]
[Round "6"]
[White "Bartholomew, John"]
[Black "Gulamali, Kazim"]
[Result "1-0"]
[WhiteElo "2442"]
[BlackElo "2350"]
[PlyCount "79"]
[EventDate "2011.10.??"]
[EventType "swiss"]
[EventRounds "9"]
[EventCountry "USA"]

1. d4 e6 2. c4 c5 3. d5 exd5 4. cxd5 d6 5. Nc3 g6 6. e4 Bg7 7. Bd3 a6 8. a4 Nf6
9. h3 O-O 10. Nf3 Nbd7 11. O-O Qe7 12. Bf4 Nh5 13. Bh2 Bh6 14. Re1 Nf4 15. Ne2
Nxd3 16. Qxd3 Bg7 17. Nc3 f6 18. Nd2 Ne5 19. Qe2 g5 20. Nc4 Qc7 21. Nd1 Nxc4
22. Qxc4 f5 23. exf5 Bxf5 24. Ne3 Bxb2 25. Rad1 Qd7 26. Nxf5 Rxf5 27. Re6 Bd4
28. Bxd6 b5 29. Qd3 Qf7 30. Qe4 Rxf2 31. Rxd4 cxd4 32. Bg3 Rf1+ 33. Kh2 Qf5 34.
Qxd4 Qb1 35. Bf2 Rf8 36. Re7 Rh1+ 37. Kg3 Qg6 38. d6 h5 39. Qd5+ Rf7 40. d7 1-0

[Event "Continental Class Ch."]
[Site "Arlington, VA"]
[Date "2011.10.09"]
[Round "6"]
[White "Betaneli, Aleksandr"]
[Black "Yanayt, Eugene"]
[Result "1/2-1/2"]
[WhiteElo "2255"]
[BlackElo "2214"]
[PlyCount "103"]
[EventDate "2011.10.??"]
[EventType "swiss"]
[EventRounds "9"]
[EventCountry "USA"]

1. e4 c5 2. b3 b6 3. c4 Nc6 4. g3 g6 5. Bb2 e5 6. Bg2 Nge7 7. Ne2 d6 8. O-O Be6
9. Nbc3 Qd7 10. Nd5 Bg7 11. Nef4 O-O 12. Nxe6 fxe6 13. Bh3 Nf5 14. exf5 exd5
15. Bg2 gxf5 16. Bxd5+ Kh8 17. Qh5 Rac8 18. Bc3 Rf6 19. f4 Rh6 20. Bxc6 Rxc6
21. Qe2 e4 22. Qe3 d5 23. cxd5 Qxd5 24. Bxg7+ Kxg7 25. Rac1 Rcd6 26. Qc3+ Qd4+
27. Qxd4+ Rxd4 28. Rf2 Rhd6 29. Rc2 Kf6 30. Kf1 Rd7 31. Ke1 Rd3 32. Re2 h5 33.
Re3 Rxe3+ 34. dxe3 Rd3 35. Ke2 Ke6 36. Rc1 Kd5 37. h3 b5 38. g4 hxg4 39. hxg4
fxg4 40. f5 g3 41. f6 Ke6 42. Rxc5 Kxf6 43. Rxb5 g2 44. Kf2 Rd2+ 45. Kg1 Rxa2
46. b4 Ke6 47. Kh2 Kd6 48. Kg1 Re2 49. Ra5 Rxe3 50. Kxg2 Rb3 51. Rxa7 Rxb4 52.
Kf2 1/2-1/2

[Event "Continental Class Ch."]
[Site "Arlington, VA"]
[Date "2011.10.09"]
[Round "6"]
[White "Chiang, Jonathan"]
[Black "Defibaugh, Jared"]
[Result "0-1"]
[WhiteElo "1842"]
[BlackElo "2178"]
[PlyCount "56"]
[EventDate "2011.10.??"]
[EventType "swiss"]
[EventRounds "9"]
[EventCountry "USA"]

1. e4 e5 2. Nf3 Nc6 3. Bc4 Bc5 4. b4 Bxb4 5. c3 Ba5 6. d4 exd4 7. O-O Nf6 8.
Ba3 d6 9. e5 Ne4 10. exd6 cxd6 11. Re1 d5 12. Nbd2 Be6 13. Nxe4 dxe4 14. Rxe4
Qf6 15. Bd5 O-O-O 16. Bxc6 dxc3 17. Qa4 Bb6 18. Bb5 g5 19. Bc4 Bd7 20. Qb3 Rhe8
21. Rae1 g4 22. Be7 Rxe7 23. Rxe7 gxf3 24. Rxf7 Bxf2+ 25. Kxf2 Qh4+ 26. g3
Qxh2+ 27. Kxf3 Bc6+ 28. Ke3 Qd2# 0-1

[Event "Continental Class Ch."]
[Site "Arlington, VA"]
[Date "2011.10.09"]
[Round "6"]
[White "Collier, Philip"]
[Black "Strenzwilk, Denis"]
[Result "1-0"]
[WhiteElo "1968"]
[BlackElo "2024"]
[PlyCount "45"]
[EventDate "2011.10.??"]
[EventType "swiss"]
[EventRounds "9"]
[EventCountry "USA"]

1. e4 d5 2. exd5 Nf6 3. c4 c6 4. d4 cxd5 5. Nc3 e6 6. Nf3 Bb4 7. Bg5 O-O 8. Be2
Nc6 9. O-O Bxc3 10. bxc3 dxc4 11. Bxc4 b6 12. Nd2 Bb7 13. Ne4 Kh8 14. Bd3 Nxd4
15. cxd4 Qxd4 16. Bxf6 gxf6 17. Qe2 Rg8 18. Rad1 f5 19. Ng3 Qh4 20. Qe5+ Rg7
21. Bxf5 exf5 22. Qxg7+ Kxg7 23. Nxf5+ 1-0

[Event "Continental Class Ch."]
[Site "Arlington, VA"]
[Date "2011.10.09"]
[Round "6"]
[White "De Fotis, Gary"]
[Black "Adu, Oladapo"]
[Result "0-1"]
[WhiteElo "2021"]
[BlackElo "2278"]
[PlyCount "66"]
[EventDate "2011.10.??"]
[EventType "swiss"]
[EventRounds "9"]
[EventCountry "USA"]

1. d4 Nf6 2. c4 e6 3. Nc3 d5 4. cxd5 exd5 5. Bg5 c6 6. Qc2 Nbd7 7. e3 Qa5 8.
Bd3 Bb4 9. Nf3 O-O 10. O-O Re8 11. Rac1 a6 12. Bxf6 Nxf6 13. a3 Bd6 14. Na4 Bg4
15. Nd2 Qc7 16. h3 Bh5 17. Nc5 Re7 18. b4 Rae8 19. a4 Qd8 20. b5 cxb5 21. axb5
a5 22. Qb1 Bb8 23. Rfe1 Qd6 24. Nf1 Bg6 25. Bxg6 hxg6 26. b6 g5 27. Qb5 g4 28.
Ra1 gxh3 29. gxh3 Nh5 30. Rxa5 Qg6+ 31. Kh1 Nf4 32. exf4 Rxe1 33. Nd7 R8e2 0-1

[Event "Continental Class Ch."]
[Site "Arlington, VA"]
[Date "2011.10.09"]
[Round "6"]
[White "Friedel, Joshua E"]
[Black "Kekelidze, Mikheil"]
[Result "1-0"]
[WhiteElo "2518"]
[BlackElo "2459"]
[PlyCount "123"]
[EventDate "2011.10.??"]
[EventType "swiss"]
[EventRounds "9"]
[EventCountry "USA"]

1. e4 c5 2. Nf3 e6 3. d4 cxd4 4. Nxd4 a6 5. Nc3 Qc7 6. Bd3 Nf6 7. O-O Nc6 8.
Nxc6 bxc6 9. Qe2 d5 10. b3 Bb7 11. Bb2 Bd6 12. Kh1 e5 13. f4 O-O 14. exd5 exf4
15. Nb5 axb5 16. Bxf6 g6 17. Qg4 Rfe8 18. Qh4 b4 19. Rf3 h5 20. Qg5 Be5 21.
Bxe5 Qxe5 22. Qxe5 Rxe5 23. dxc6 Bxc6 24. Rxf4 Rg5 25. Rf2 Rga5 26. h4 Rxa2 27.
Rxa2 Rxa2 28. Rf6 Ba8 29. Rb6 Kg7 30. Rxb4 Bc6 31. Kh2 f5 32. Rc4 Be8 33. Rc8
Bf7 34. b4 Rb2 35. b5 Bd5 36. Rc5 Ba8 37. Rc8 Bd5 38. Rd8 Be4 39. Bxe4 fxe4 40.
c4 Kf6 41. Kg3 Rb4 42. Rd6+ Ke5 43. Rd5+ Ke6 44. Rc5 Kd6 45. Rc6+ Ke5 46. b6
Rb3+ 47. Kf2 Rb2+ 48. Ke3 Rb3+ 49. Kd2 Kd4 50. Kc2 Rb4 51. c5 e3 52. Rc8 e2 53.
Kd2 Rb2+ 54. Ke1 Ke3 55. Re8+ Kd3 56. Kf2 Rb5 57. Rd8+ Ke4 58. Kxe2 Rb2+ 59.
Kf1 Rb5 60. c6 Rb1+ 61. Kf2 Rb2+ 62. Kg3 1-0

[Event "Continental Class Ch."]
[Site "Arlington, VA"]
[Date "2011.10.09"]
[Round "6"]
[White "Gisclan, Heverton"]
[Black "Burnett, Ronald"]
[Result "1-0"]
[WhiteElo "2250"]
[BlackElo "2358"]
[PlyCount "79"]
[EventDate "2011.10.??"]
[EventType "swiss"]
[EventRounds "9"]
[EventCountry "USA"]

1. e4 g6 2. d4 d6 3. Nc3 Bg7 4. Be3 c6 5. a4 Nf6 6. h3 O-O 7. Nf3 Qc7 8. Be2
Nbd7 9. Nd2 b6 10. O-O e5 11. dxe5 dxe5 12. a5 b5 13. b4 Rd8 14. Na2 Nf8 15.
Qb1 Ne6 16. Rc1 Rxd2 17. Bxd2 Nxe4 18. Be1 Nd4 19. Bd3 Ng5 20. c3 Ndf3+ 21.
gxf3 Nxf3+ 22. Kg2 Nh4+ 23. Kf1 Bxh3+ 24. Ke2 Bh6 25. Be4 f5 26. Qb3+ Kg7 27.
Qe6 Bg4+ 28. f3 fxe4 29. fxg4 Ng2 30. Bg3 Nf4+ 31. Bxf4 exf4 32. Rd1 f3+ 33.
Kf1 Rd8 34. Qxe4 Rf8 35. Re1 Kg8 36. Qe6+ Rf7 37. Qe5 Qb7 38. Rad1 f2 39. Re2
c5 40. Qd5 1-0

[Event "Continental Class Ch."]
[Site "Arlington, VA"]
[Date "2011.10.09"]
[Round "6"]
[White "Kaufman, Larry C"]
[Black "Ramirez Alvarez, Alejandro"]
[Result "1/2-1/2"]
[WhiteElo "2406"]
[BlackElo "2594"]
[PlyCount "27"]
[EventDate "2011.10.??"]
[EventType "swiss"]
[EventRounds "9"]
[EventCountry "USA"]

1. d4 d5 2. c4 c6 3. Nf3 Nf6 4. Nc3 a6 5. a4 e6 6. Bf4 a5 7. e3 Be7 8. Be2 Na6
9. h3 Nb4 10. Qb1 O-O 11. O-O b6 12. Rd1 Ba6 13. b3 Bd6 14. Bxd6 1/2-1/2

[Event "Continental Class Ch."]
[Site "Arlington, VA"]
[Date "2011.10.09"]
[Round "6"]
[White "Meyer, John"]
[Black "Romanenko, Vladimir"]
[Result "0-1"]
[WhiteElo "2284"]
[BlackElo "2471"]
[PlyCount "102"]
[EventDate "2011.10.??"]
[EventType "swiss"]
[EventRounds "9"]
[EventCountry "USA"]

1. d4 Nf6 2. c4 e6 3. Nf3 b6 4. g3 Bb7 5. Bg2 Be7 6. O-O O-O 7. Nc3 Ne4 8. Qc2
Nxc3 9. Qxc3 f5 10. Be3 Bf6 11. Qd2 Be4 12. Bg5 h6 13. Bxf6 Qxf6 14. Ne1 Bxg2
15. Nxg2 Nc6 16. Rad1 Nd8 17. f4 Nf7 18. c5 Rfd8 19. Qc3 bxc5 20. Qxc5 Rdc8 21.
Ne1 Nd6 22. Nf3 Ne4 23. Qc2 c6 24. e3 c5 25. d5 Rab8 26. Ne5 d6 27. Nc4 Qf7 28.
dxe6 Qxe6 29. b3 d5 30. Ne5 c4 31. bxc4 dxc4 32. Rd4 c3 33. g4 Rb2 34. gxf5
Qxe5 35. fxe5 Rxc2 36. Rxe4 Rxa2 37. Rc1 a5 38. Rd4 Rb2 39. e6 Kf8 40. Ra4 c2
41. Raa1 Rc5 42. Kf2 Rxf5+ 43. Ke2 Ke7 44. Kd3 Rf2 45. Rxa5 Rb3+ 46. Ke4 Rb1
47. Ra1 Rxa1 48. Rxa1 Rxh2 49. Ke5 Rh5+ 50. Kd4 Kxe6 51. Ra6+ Kd7 0-1

[Event "Continental Class Ch."]
[Site "Arlington, VA"]
[Date "2011.10.09"]
[Round "6"]
[White "Sarkar, Justin"]
[Black "Shabalov, Alexander"]
[Result "0-1"]
[WhiteElo "2379"]
[BlackElo "2529"]
[PlyCount "58"]
[EventDate "2011.10.??"]
[EventType "swiss"]
[EventRounds "9"]
[EventCountry "USA"]

1. d4 e6 2. c4 f5 3. Nc3 Nf6 4. e3 b6 5. Bd3 Bb7 6. f3 Nc6 7. Nge2 Bd6 8. O-O
O-O 9. a3 Ne7 10. e4 fxe4 11. fxe4 e5 12. c5 bxc5 13. Qb3+ Kh8 14. Qxb7 Rb8 15.
Qxa7 exd4 16. Nb5 Nc6 17. Qa4 Bxh2+ 18. Kxh2 Ng4+ 19. Kg1 Rxf1+ 20. Kxf1 Qh4
21. g3 Qh1+ 22. Ng1 Rf8+ 23. Bf4 Ne3+ 24. Ke2 Qg2+ 25. Ke1 Qxg1+ 26. Kd2 Qxa1
27. Bxe3 dxe3+ 28. Kc3 e2 29. Bxe2 Qe1+ 0-1

[Event "Continental Class Ch."]
[Site "Arlington, VA"]
[Date "2011.10.09"]
[Round "6"]
[White "Velikanov, Alexander"]
[Black "Mercere, Eduardo"]
[Result "1-0"]
[WhiteElo "2118"]
[BlackElo "1839"]
[PlyCount "107"]
[EventDate "2011.10.??"]
[EventType "swiss"]
[EventRounds "9"]
[EventCountry "USA"]

1. e4 e6 2. d4 d5 3. Nc3 dxe4 4. Nxe4 Bd7 5. Nf3 Bc6 6. Bd3 Nd7 7. Qe2 Ngf6 8.
Bg5 Be7 9. Bxf6 Nxf6 10. O-O-O Nxe4 11. Bxe4 Bxe4 12. Qxe4 c6 13. c4 Qa5 14.
Kb1 Bf6 15. d5 Qb4 16. Qc2 cxd5 17. cxd5 O-O 18. dxe6 fxe6 19. Rd3 Rac8 20. Qe2
Qg4 21. g3 Rc6 22. Nd4 Qxe2 23. Nxe2 Rfc8 24. Rd2 e5 25. Nc3 Bg5 26. Re2 Bf6
27. Rd2 Bg5 28. Rd5 Bf6 29. Nb5 Rd8 30. Rxd8+ Bxd8 31. Nxa7 Rf6 32. Rd1 Bb6 33.
Nc8 Bxf2 34. Nd6 Bd4 35. Nc4 b5 36. Na3 Rf2 37. Nc2 Bb6 38. b4 Rxh2 39. Rd5 Re2
40. Rxb5 Bf2 41. a4 Bxg3 42. a5 Rd2 43. Rb8+ Kf7 44. b5 Rd7 45. a6 Bf2 46. b6
Kg6 47. a7 Rxa7 48. bxa7 Bxa7 49. Rb7 Bf2 50. Kc1 h5 51. Kd2 h4 52. Ke2 Bg3 53.
Kf3 Kf6 54. Ne3 1-0

[Event "Continental Class Ch."]
[Site "Arlington, VA"]
[Date "2011.10.09"]
[Round "6"]
[White "Yang, Darwin"]
[Black "Kudrin, Sergey"]
[Result "1/2-1/2"]
[WhiteElo "2439"]
[BlackElo "2530"]
[PlyCount "52"]
[EventDate "2011.10.??"]
[EventType "swiss"]
[EventRounds "9"]
[EventCountry "USA"]

1. d4 Nf6 2. c4 g6 3. f3 d5 4. cxd5 Nxd5 5. e4 Nb6 6. Nc3 Bg7 7. Be3 O-O 8. Qd2
Nc6 9. O-O-O f5 10. e5 Nb4 11. Nh3 Be6 12. Kb1 Qd7 13. Nf4 Rfd8 14. a3 a5 15.
Bb5 c6 16. d5 N6xd5 17. axb4 Nxf4 18. Qxd7 Rxd7 19. Rxd7 Bxd7 20. Bxf4 cxb5 21.
Nd5 Kf7 22. Nb6 Rd8 23. Rd1 Ke8 24. Nd5 Rc8 25. Nb6 Rd8 26. Nd5 Rc8 1/2-1/2

[Event "Continental Class Ch."]
[Site "Arlington, VA"]
[Date "2011.10.09"]
[Round "7"]
[White "Ramirez Alvarez, Alejandro"]
[Black "Friedel, Joshua E"]
[Result "1/2-1/2"]
[WhiteElo "2594"]
[BlackElo "2518"]
[PlyCount "21"]
[EventDate "2011.10.??"]
[EventType "swiss"]
[EventRounds "9"]
[EventCountry "USA"]

1. e4 e5 2. Nf3 Nc6 3. Bb5 a6 4. Bxc6 dxc6 5. O-O f6 6. d4 Bg4 7. dxe5 Qxd1 8.
Rxd1 fxe5 9. Rd3 Bd6 10. Nbd2 b5 11. b3 1/2-1/2

[Event "Continental Class Ch."]
[Site "Arlington, VA"]
[Date "2011.10.09"]
[Round "7"]
[White "Shabalov, Alexander"]
[Black "Shahade, Greg"]
[Result "1/2-1/2"]
[WhiteElo "2529"]
[BlackElo "2446"]
[PlyCount "81"]
[EventDate "2011.10.??"]
[EventType "swiss"]
[EventRounds "9"]
[EventCountry "USA"]

1. e4 c5 2. Nf3 g6 3. d4 cxd4 4. Nxd4 Nc6 5. c4 Nf6 6. Nc3 d6 7. Be2 Nxd4 8.
Qxd4 Bg7 9. Be3 O-O 10. Qd2 Be6 11. Rc1 Qa5 12. f3 Rfc8 13. b3 a6 14. Na4 Qxd2+
15. Kxd2 Nd7 16. g4 Rf8 17. h3 f5 18. exf5 gxf5 19. f4 Rad8 20. Ke1 d5 21. gxf5
Rxf5 22. Rg1 Rf6 23. Rd1 Rg6 24. Bg4 Bxg4 25. Rxg4 b5 26. Rxg6 hxg6 27. Nb6
Bc3+ 28. Ke2 Nxb6 29. Bxb6 Rd6 30. c5 Re6+ 31. Kf3 d4 32. a3 a5 33. a4 bxa4 34.
bxa4 Kf7 35. Rd3 Ke8 36. c6 Rxc6 37. Bxd4 Bb4 38. Re3 Rc4 39. Bb6 Rc6 40. Bd4
Rc4 41. Bb6 1/2-1/2

[Event "Continental Class Ch."]
[Site "Arlington, VA"]
[Date "2011.10.09"]
[Round "7"]
[White "Tegshsuren, Enkhbat"]
[Black "Kaufman, Larry C"]
[Result "1-0"]
[WhiteElo "2370"]
[BlackElo "2406"]
[PlyCount "105"]
[EventDate "2011.10.??"]
[EventType "swiss"]
[EventRounds "9"]
[EventCountry "USA"]

1. d4 d5 2. c4 c6 3. Nf3 Nf6 4. Qb3 dxc4 5. Qxc4 Bg4 6. Nc3 Nbd7 7. e4 e6 8.
Be2 Be7 9. O-O O-O 10. Be3 Bh5 11. Qb3 Qb6 12. Qc2 Ng4 13. Bf4 Ngf6 14. Rfd1
Rac8 15. h3 h6 16. a3 Bg6 17. Bd3 c5 18. e5 Bxd3 19. Qxd3 Nd5 20. Nxd5 exd5 21.
dxc5 Nxc5 22. Qe2 Nb3 23. Rab1 Rfd8 24. Rd3 Rc4 25. Qd1 Nc5 26. Be3 Qg6 27.
Bxc5 Bxc5 28. b3 Rf4 29. b4 Bb6 30. Rc1 Qe4 31. Qd2 g5 32. Re1 Qc4 33. e6 fxe6
34. Rxe6 Kh7 35. Rc3 Qb5 36. Qc2+ Re4 37. Rxe4 dxe4 38. Qxe4+ Kh8 39. Qg6 Qe2
40. Qxh6+ Kg8 41. Qxg5+ Kh7 42. Qh5+ Kg7 43. Qe5+ Qxe5 44. Nxe5 Rd1+ 45. Kh2
Bxf2 46. Nf3 Bb6 47. g4 Kf6 48. Kg3 a5 49. h4 a4 50. Kf4 Rb1 51. g5+ Kg7 52.
Rd3 Bc7+ 53. Kg4 1-0

[Event "Continental Class Ch."]
[Site "Arlington, VA"]
[Date "2011.10.09"]
[Round "7"]
[White "Kudrin, Sergey"]
[Black "Santarius, Erik"]
[Result "1-0"]
[WhiteElo "2530"]
[BlackElo "2316"]
[PlyCount "93"]
[EventDate "2011.10.??"]
[EventType "swiss"]
[EventRounds "9"]
[EventCountry "USA"]

1. e4 c5 2. Nf3 d6 3. d4 cxd4 4. Nxd4 Nf6 5. Nc3 Nc6 6. Bg5 e6 7. Qd2 a6 8. Be2
h6 9. Bh4 Bd7 10. f4 Be7 11. O-O-O Qc7 12. Nb3 Rc8 13. Kb1 b5 14. Bxf6 gxf6 15.
Bh5 Kf8 16. Rhf1 b4 17. Ne2 Na5 18. Nxa5 Qxa5 19. e5 Ba4 20. b3 dxe5 21. bxa4
Kg7 22. fxe5 Qxe5 23. Nf4 Rhd8 24. Qf2 Rxd1+ 25. Rxd1 Rc4 26. Qg3+ Qg5 27. Rd7
Qxg3 28. hxg3 Kf8 29. Ra7 Rc3 30. Ra8+ Kg7 31. Ra7 Kf8 32. Rxa6 Rxg3 33. Ra8+
Kg7 34. Ra7 Kf8 35. Ra8+ Kg7 36. Bf3 Rg5 37. a5 Rc5 38. Ra7 Kf8 39. Ra8+ Kg7
40. Nd3 Rc3 41. a6 Ra3 42. Nb2 Bc5 43. Nc4 Rc3 44. Be2 h5 45. a7 Bxa7 46. Rxa7
h4 47. Bd3 1-0

[Event "Continental Class Ch."]
[Site "Arlington, VA"]
[Date "2011.10.09"]
[Round "7"]
[White "Romanenko, Vladimir"]
[Black "Yang, Darwin"]
[Result "1-0"]
[WhiteElo "2471"]
[BlackElo "2439"]
[PlyCount "61"]
[EventDate "2011.10.??"]
[EventType "swiss"]
[EventRounds "9"]
[EventCountry "USA"]

1. e4 e6 2. d4 d5 3. Nd2 dxe4 4. Nxe4 Nd7 5. Nf3 Ngf6 6. Bd3 c5 7. Nxf6+ Nxf6
8. O-O cxd4 9. Nxd4 Be7 10. c3 O-O 11. Bf4 a6 12. Re1 Re8 13. Be5 Qd5 14. Qc2
h6 15. c4 Qa5 16. a3 Qb6 17. b4 Ng4 18. c5 Qd8 19. Nf3 Nxe5 20. Nxe5 Qc7 21.
Rad1 Rd8 22. g3 Bd7 23. Bh7+ Kf8 24. Qd2 Bf6 25. Nxd7+ Ke7 26. Be4 Rab8 27. c6
bxc6 28. Nxb8 Rxd2 29. Nxc6+ Ke8 30. Rxd2 Bc3 31. Rd8+ 1-0

[Event "Continental Class Ch."]
[Site "Arlington, VA"]
[Date "2011.10.09"]
[Round "7"]
[White "Gisclan, Heverton"]
[Black "Bartholomew, John"]
[Result "1/2-1/2"]
[WhiteElo "2250"]
[BlackElo "2442"]
[PlyCount "114"]
[EventDate "2011.10.??"]
[EventType "swiss"]
[EventRounds "9"]
[EventCountry "USA"]

1. e4 d5 2. exd5 Qxd5 3. Nc3 Qa5 4. d4 c6 5. Bc4 Bf5 6. Nf3 Nf6 7. Bd2 e6 8.
Qe2 Bb4 9. Ne5 Nbd7 10. Nxd7 Nxd7 11. O-O-O O-O-O 12. g4 Bg6 13. a3 Bxc3 14.
Bxc3 Qc7 15. h4 h5 16. g5 Bf5 17. Bd3 Nb6 18. Bxf5 Qf4+ 19. Kb1 Qxf5 20. d5
exd5 21. Bxg7 Rde8 22. Qd3 Qxd3 23. Rxd3 Rhg8 24. Bd4 Nd7 25. Rf3 c5 26. Be3 d4
27. Bc1 Re7 28. Rf5 Rg6 29. Bf4 b6 30. Kc1 Rge6 31. Kd1 Kb7 32. Bd2 Kc6 33. Re1
Rxe1+ 34. Bxe1 Kd6 35. f3 Ke6 36. Rf4 f5 37. gxf6 Nxf6 38. c3 Rd7 39. cxd4
Rxd4+ 40. Rxd4 cxd4 41. Bg3 Kd5 42. Kd2 Nd7 43. b3 b5 44. Bc7 a6 45. Bd8 Nc5
46. Kc2 d3+ 47. Kc3 d2 48. Kxd2 Nxb3+ 49. Ke3 Nd4 50. Bf6 Nc2+ 51. Kf4 Nxa3 52.
Kg5 Ke6 53. Kg6 Nc2 54. f4 Ne3 55. Bc3 Nf5 56. Kxh5 Kf7 57. Kg5 Ng3 1/2-1/2